| 000 | 01016cam a22002533a 4500 | ||
|---|---|---|---|
| 001 | 31483 | ||
| 003 | PGUSA | ||
| 005 | 20140828083700.0 | ||
| 008 | 100303s2010||||xxu|||||s|||||000 1 eng d | ||
| 040 |
_aPGUSA _beng |
||
| 042 | _adc | ||
| 050 | 4 | _aPZ | |
| 100 | 1 |
_aFanny, Aunt, _d1822-1894 |
|
| 245 | 1 | 4 |
_aThe First Little Pet Book with Ten Short Stories in Words of Three and Four Letters _h[electronic resource] / _cAunt Fanny |
| 260 |
_bProject Gutenberg, _c2010 |
||
| 505 | 0 | _aPreface -- The bad old ape -- Mop, the pet cat, a poem -- Sam, the bad boy -- Ben and Sue, and the see-saw -- The hen and fox, a poem -- Ben and Bob -- The old gray rat -- Poor Will, who was shot in the war -- Ann, the good girl -- Joe, who did not mind. | |
| 506 | _aPublic domain in the USA. | ||
| 516 | _aElectronic text | ||
| 653 | _aChildren -- Conduct of life -- Juvenile fiction | ||
| 653 | _aChildren's stories | ||
| 830 | 0 |
_aProject Gutenberg _v31483 |
|
| 856 | 4 | 0 | _uhttp://www.gutenberg.org/ebooks/31483 |
| 942 | _cEB | ||
| 999 |
_c260738 _d260738 |
||